Botany of the living plant /

Bibliographic Details
Main Author: Bower, F. O. (Frederick Orpen), 1855-1948
Other Authors: Drummond, J. M. F. (James Montagu Frank), 1881-, Bond, George
Format: Book
Language:English
Published: London : Macmillan and co., limited, 1923.
Subjects:

MARC

Tag First Indicator Second Indicator Subfields
LEADER 00000cam a2200000 i 4500
001 in00000037068
005 20151007070408.0
008 760913s1923 enka 00110 eng d
035 |a (OCoLC)02429489 
035 |9 AAE3931AM 
040 |a GAT  |c GAT  |d TXA  |d UtOrBLW 
049 |a TXAM  |c [122564] 
050 0 |a QK45  |b .B75 1923 
092 |a 580.7  |b B786b2 
100 1 |a Bower, F. O.  |q (Frederick Orpen),  |d 1855-1948. 
245 1 0 |a Botany of the living plant /  |c by F. O. Bower. 
264 1 |a London :  |b Macmillan and co., limited,  |c 1923. 
300 |a xii, 634 pages including frontispiece, illustrations, tables. ;  |c 22 cm. 
336 |a text  |b txt  |2 rdacontent 
337 |a unmediated  |b n  |2 rdamedia 
338 |a volume  |b nc  |2 rdacarrier 
500 |a "Second edition." 
650 0 |a Botany. 
700 1 |a Drummond, J. M. F.  |q (James Montagu Frank),  |d 1881- 
700 1 |a Bond, George. 
740 0 |a Living plant. 
999 |a MARS 
999 f f |s 91ebd449-777d-36b4-9062-642f319d158d  |i 97b9844d-f0cb-37e6-8135-1e29d095c272  |t 0 
952 f f |p ric  |a Texas A&M University  |b Rellis Campus  |c Joint Library Facility  |d Remote Storage  |t 0  |e QK45 .B75 1923  |h Library of Congress classification  |i unmediated -- volume  |m A14800985184 
998 f f |a QK45 .B75 1923  |t 0  |l Remote Storage